<?xml version="1.0" encoding="UTF-8"?>
<collection xmlns="http://www.loc.gov/MARC21/slim">
 <record>
  <leader>01168nam a22002177a 4500</leader>
  <controlfield tag="001">NCT_73761</controlfield>
  <controlfield tag="008">200213b        xxu||||| |||| 00| 0 vie d</controlfield>
  <datafield tag="999" ind1=" " ind2=" ">
   <subfield code="c">3593</subfield>
   <subfield code="d">3593</subfield>
  </datafield>
  <datafield tag="020" ind1=" " ind2=" ">
   <subfield code="a">9780071257046</subfield>
  </datafield>
  <datafield tag="082" ind1="0" ind2="4">
   <subfield code="2">23rd ed.</subfield>
   <subfield code="a">658.3</subfield>
   <subfield code="b">E276</subfield>
  </datafield>
  <datafield tag="100" ind1="1" ind2=" ">
   <subfield code="a">Evans, Paul</subfield>
  </datafield>
  <datafield tag="245" ind1="1" ind2="0">
   <subfield code="a">The global challenge :</subfield>
   <subfield code="b"> Frameworks for international human resource management</subfield>
   <subfield code="c">Paul Evans, Vladimir Pucik, Jean-Louis Barsoux</subfield>
  </datafield>
  <datafield tag="260" ind1=" " ind2=" ">
   <subfield code="a">Boston, Mass</subfield>
   <subfield code="b">McGraw-Hill</subfield>
   <subfield code="c">2002</subfield>
  </datafield>
  <datafield tag="300" ind1=" " ind2=" ">
   <subfield code="a">xx, 554 p.</subfield>
   <subfield code="b">ill.</subfield>
   <subfield code="c">23cm</subfield>
  </datafield>
  <datafield tag="520" ind1="3" ind2=" ">
   <subfield code="a">Through its focus on human resource management and organization, this book provides a guide on how to manage the process of internationalization, with a particular focus on the transnational firm. This book discusses the &quot;people implications&quot; of traditional strategies for internationalization and how such strategies get executed through (HRM)</subfield>
  </datafield>
  <datafield tag="653" ind1=" " ind2=" ">
   <subfield code="a">Quản trị kinh doanh</subfield>
  </datafield>
  <datafield tag="700" ind1="1" ind2=" ">
   <subfield code="a">Pucik, Vladimir.</subfield>
  </datafield>
  <datafield tag="700" ind1="1" ind2=" ">
   <subfield code="a">Barsoux, Jean-Louis.</subfield>
  </datafield>
  <datafield tag="942" ind1=" " ind2=" ">
   <subfield code="2">ddc</subfield>
   <subfield code="c">BK</subfield>
  </datafield>
  <datafield tag="952" ind1=" " ind2=" ">
   <subfield code="0">0</subfield>
   <subfield code="1">0</subfield>
   <subfield code="2">ddc</subfield>
   <subfield code="4">0</subfield>
   <subfield code="6">658_300000000000000_E276</subfield>
   <subfield code="7">0</subfield>
   <subfield code="9">18574</subfield>
   <subfield code="a">000001</subfield>
   <subfield code="b">000001</subfield>
   <subfield code="d">2020-02-13</subfield>
   <subfield code="o">658.3 E276</subfield>
   <subfield code="p">MD.16758</subfield>
   <subfield code="r">2020-02-13</subfield>
   <subfield code="w">2020-02-13</subfield>
   <subfield code="y">BK</subfield>
  </datafield>
  <datafield tag="980" ind1=" " ind2=" ">
   <subfield code="a">Thư viện Trường Đại học Nam Cần Thơ</subfield>
  </datafield>
 </record>
</collection>
